MARC details
| 000 -LEADER |
| fixed length control field |
02934nam a2200457I 4500 |
| 001 - CONTROL NUMBER |
| control field |
bslw09578729 |
| 003 - CONTROL NUMBER IDENTIFIER |
| control field |
UtOrBLW |
| 005 - DATE AND TIME OF LATEST TRANSACTION |
| control field |
20210303085000.0 |
| 006 - FIXED-LENGTH DATA ELEMENTS--ADDITIONAL MATERIAL CHARACTERISTICS |
| fixed length control field |
m o d |
| 007 - PHYSICAL DESCRIPTION FIXED FIELD--GENERAL INFORMATION |
| fixed length control field |
cr un||||||||| |
| 008 - FIXED-LENGTH DATA ELEMENTS--GENERAL INFORMATION |
| fixed length control field |
170607s2017 enk ob 001 0 eng d |
| 020 ## - INTERNATIONAL STANDARD BOOK NUMBER |
| International Standard Book Number |
9781787142800 (e-book) |
| 040 ## - CATALOGING SOURCE |
| Original cataloging agency |
UtOrBLW |
| Language of cataloging |
eng |
| Description conventions |
rda |
| Transcribing agency |
UtOrBLW |
| 043 ## - GEOGRAPHIC AREA CODE |
| Geographic area code |
e-uk--- |
| 050 ## - LIBRARY OF CONGRESS CALL NUMBER |
| Classification number |
HB615 |
| Item number |
.E58 2017 |
| 072 #7 - SUBJECT CATEGORY CODE |
| Subject category code |
KJH |
| Source |
bicssc |
| -- |
bicssc |
| 072 #7 - SUBJECT CATEGORY CODE |
| Subject category code |
BUS025000 |
| Source |
bisacsh |
| -- |
bisacsh |
| 080 ## - UNIVERSAL DECIMAL CLASSIFICATION NUMBER |
| Universal Decimal Classification number |
658 |
| 082 04 - DEWEY DECIMAL CLASSIFICATION NUMBER |
| Classification number |
658.421 |
| Edition number |
23 |
| 245 00 - TITLE STATEMENT |
| Title |
Entrepreneurship education / |
| Statement of responsibility, etc. |
Paul Jones, Gideon Maas, Luke Pittaway. |
| 264 #1 - PRODUCTION, PUBLICATION, DISTRIBUTION, MANUFACTURE, AND COPYRIGHT NOTICE |
| Name of producer, publisher, distributor, manufacturer |
Emerald Publishing Limited, |
| 300 ## - PHYSICAL DESCRIPTION |
| Extent |
1 online resource (350 pages). |
| 490 1# - SERIES STATEMENT |
| Series statement |
Contemporary issues in entrepreneurship research, |
| International Standard Serial Number |
2040-7246 ; |
| Volume/sequential designation |
v. 7 |
| 504 ## - BIBLIOGRAPHY, ETC. NOTE |
| Bibliography, etc. note |
Includes bibliographical references and index. |
| 505 0# - FORMATTED CONTENTS NOTE |
| Formatted contents note |
Prelims -- New perspectives on entrepreneurship education -- Studies of the impact of entrepreneurship education upon student communities -- Novel entrepreneurship education pedagogy -- Entrepreneurship education intervention -- About the Editors -- About the Authors -- Index. |
| 520 ## - SUMMARY, ETC. |
| Summary, etc. |
Universities globally are under pressure from an expanding range of stakeholders to provide enterprise education and support to students. Enterprise education had become a research domain in itself and an increasingly important aspect of UK universities' curricular. Within the UK, policymakers consider enterprise education, and the skills it develops, as increasing student's employability skills, regardless of what their primary subject of study is, and thereby assisting them in gaining employment upon. Despite this growth, there is ongoing debate regarding the effectiveness of entrepreneurship education and there are calls for further evidence to validate its impact. This book meets that call in providing further evidence for best practice and successful deployment. Authors provide evidence to inform the entrepreneurial education discipline in terms of best practice, success stories and identify its future direction for key stakeholders. The book concludes with a summary from the authors which will analyse and contrast the emergent themes identified in each chapter. |
| 588 0# - SOURCE OF DESCRIPTION NOTE |
| Source of description note |
Print version record |
| 650 #7 - SUBJECT ADDED ENTRY--TOPICAL TERM |
| Topical term or geographic name entry element |
Business & Economics |
| General subdivision |
Entrepreneurship. |
| Source of heading or term |
bisacsh |
| 650 #7 - SUBJECT ADDED ENTRY--TOPICAL TERM |
| Topical term or geographic name entry element |
Entrepreneurship. |
| Source of heading or term |
bicssc |
| 650 #0 - SUBJECT ADDED ENTRY--TOPICAL TERM |
| Topical term or geographic name entry element |
Entrepreneurship |
| General subdivision |
Study and teaching |
| Geographic subdivision |
Great Britain. |
| 700 1# - ADDED ENTRY--PERSONAL NAME |
| Personal name |
Jones, Paul, |
| Dates associated with a name |
1954- |
| Relator term |
editor. |
| 700 1# - ADDED ENTRY--PERSONAL NAME |
| Personal name |
Maas, G. |
| Fuller form of name |
(Gideon), |
| Dates associated with a name |
1959- |
| Relator term |
editor. |
| 700 1# - ADDED ENTRY--PERSONAL NAME |
| Personal name |
Pittaway, Luke, |
| Relator term |
editor. |
| 776 ## - ADDITIONAL PHYSICAL FORM ENTRY |
| International Standard Book Number |
9781787142817 |
| 830 #0 - SERIES ADDED ENTRY--UNIFORM TITLE |
| Uniform title |
Contemporary issues in entrepreneurship research ; |
| Volume/sequential designation |
v. 7. |
| 856 40 - ELECTRONIC LOCATION AND ACCESS |
| Uniform Resource Identifier |
<a href="https://www.emerald.com/insight/publication/doi/10.1108/S2040-724620177">https://www.emerald.com/insight/publication/doi/10.1108/S2040-724620177</a> |